Trouvez la lettre manquante (version facile) - Statistiques

Statistiques générales
  • Ce quiz a été pris 79 fois
  • Le résultat moyen est 15 sur 20
Statistiques - réponses
Alphabets Lettres manquantes % Correct
azertyiopqsdfghjklmwxcvbn U
99%
azertyuioqsdfghjklmwxcvbn P
94%
azertyuiopqsdfghjklmxcvbn W
91%
azertyuiopqsdfghjkmwxcvbn L
86%
azertyuiopqsdfgjklmwxcvbn H
84%
aertyuiopqsdfghjklmwxcvbn Z
81%
azertyuiopqdfghjklmwxcvbn S
80%
azertyuiopqsdghjklmwxcvbn F
79%
azertyuiopqsdfghjlmwxcvbn K
77%
azertyuiopqsdfghjklmwxcbn V
76%
paoziurytmqlskdjfhgnwbxvc E
67%
paozieurytqlskdjfhgnwbxvc M
67%
pazieurytmqlskdjfhgnwbxvc O
67%
paozieurytmqlskdjfhgnwbvc X
67%
nbzvecrxgtwymjulikopqsfdh A
63%
nabzvecrxtwymjulikopqsfdh G
61%
nabzvecrxtwymulikopqgsfdh J
61%
paozieurtmqlskdjfhgnwbxvc Y
61%
navecmrxtwyjulkopzqgsbfdh I
60%
abzvecrxwymnjulikopqgsfdh T
60%
Aucun quiz correspondant
Distribution des résultats
% des personnes avec chaque résultat
Percentile par nombre de réponses
Votre historique - résultats
Vous n’avez pas pris ce quiz